[Event "Dortmund SuperGM 33rd"]
[Site "Dortmund"]
[Date "2005.07.11"]
[Round "4"]
[White "Sutovsky, Emil"]
[Black "Bacrot, Etienne"]
[Result "0-1"]
[WhiteElo "2674"]
[BlackElo "2729"]
[Annotator "Erenburg,S"]
[PlyCount "62"]
[EventDate "2005.07.07"]
[EventType "tourn"]
[EventRounds "9"]
[EventCountry "GER"]
[EventCategory "19"]
[SourceTitle "CBM 108"]
[Source "ChessBase"]
[SourceDate "2005.09.26"]
[SourceVersion "1"]
[SourceVersionDate "2005.09.26"]
[SourceQuality "1"]

1. e4 e5 2. Nf3 Nc6 3. Bb5 a6 4. Ba4 Nf6 5. O-O Be7 6. Re1 b5 7. Bb3 d6 8. c3
O-O 9. h3 Bb7 10. d4 Re8 11. Ng5 Rf8 12. Nf3 Re8 13. Nbd2 Bf8 14. a3 {White is
covering the b4 square, thus, preparing to transfer the light-squared bishop
either to c2 or to a2.} (14. a4 {is a main line.}) 14... h6 {transforming to
the Breyer variation.} (14... Nb8 15. Bc2 Nbd7 16. b3 c5 17. Bb2 g6 18. dxe5
dxe5 19. c4 Nh5 20. cxb5 axb5 21. a4 bxa4 22. Nc4 axb3 23. Bxb3 Rxa1 24. Qxa1
$44 {1-0 Firman,N-Obodchuk,A/Moscow 2002/CBM 088/[Hecht] (73)}) (14... g6 15.
Ba2 Bg7 16. b4 a5 17. d5 Ne7 18. Bb2 Nh5 19. Nb3 axb4 20. axb4 Bc8 21. Na5 Nf4
22. c4 g5 23. cxb5 g4 24. Nh2 gxh3 25. g3 Neg6 (25... Ng2 $142 26. Re2 f5 27.
Nc6 Qd7 28. Bc4 Rxa1 29. Qxa1 fxe4 30. Qa7 e3 31. fxe3 Ng6 $13) 26. Bb1 Qg5 27.
Bc1 Bd7 $2 (27... Nf8 28. Kh1 Qg6 $16) 28. Kh1 f5 29. Rg1 Qf6 30. exf5 Bxf5 31.
Bxf5 Qxf5 32. gxf4 $18 {1-0 Adams,M-Grischuk,A/Wijk aan Zee 2002/CBM 087/
[Wedberg] (43)}) (14... Qd7 15. Bc2 Rad8 16. d5 Ne7 17. b3 Ng6 18. Nf1 c6 19.
c4 Nh5 20. Ng3 Nxg3 21. fxg3 Rc8 22. Be3 Be7 23. Qd2 Nf8 24. Rec1 Qd8 25. a4
bxc4 26. bxc4 Nd7 27. a5 Ba8 28. Rab1 Rb8 29. Ba4 Qc7 30. g4 {1/2-1/2 Grischuk,
A-Bacrot,E/Cap d'Agde 2003/CBM 098 (30)}) 15. Ba2 (15. Bc2 {leads to
theoretical position in Breyer variation with extra tempo h7-h6 for black.})
15... Nb8 {transfering the queenside knight to d7.} (15... d5 16. exd5 Nxd5 17.
Nf1 Qd6 18. dxe5 Nxe5 19. Nxe5 Rxe5 20. Rxe5 Qxe5 21. Qf3 Rb8 22. Bd2 Nf6 23.
Bf4 Qe8 24. Qd3 Rd8 25. Qc2 Bc5 26. Be3 Qe4 27. Qxe4 Nxe4 28. f3 Bxe3+ 29. Nxe3
Nf6 30. Rd1 {1/2-1/2 Kveinys,A-Sulskis,S/ch-LTU, Vilnius LTU 2004}) 16. d5 {
White closes the centre, thus, getting a space advantage. Another attempt to
fight for an advantage is} (16. Qb3 Qd7 17. d5 c6 18. c4 Rc8 19. a4 cxd5 20.
cxd5 Qe8 21. Qe3 Nbd7 22. a5 Nh5 23. Nf1 Rc7 24. Qa3 Nc5 25. Bd2 {1/2-1/2
Shabalov,A-Stein,A/Minneapolis USA 2005/The Week in Chess 550 (48)}) 16... c6
17. c4 ({Interesting alternative is} 17. dxc6 Bxc6 18. Nh2 Nbd7 19. Qf3 Qe7 20.
Ndf1 Nc5 21. Ng3 Qb7 22. Ng4 Ncxe4 23. Nxe4 Nxe4 24. Bxh6 gxh6 25. Rxe4 Bxe4
26. Nf6+ Kh8 27. Nxe4 $44 {1-0 Bologan,V-Suhl,D/Berlin 1995/CBM 047 ext (46)})
17... Nbd7 18. b4 {covering the c5 square.} Nb6 $146 {According to my database,
this position appeared for the first time. In the previous games Black tried:}
(18... bxc4 19. dxc6 Bxc6 20. Bxc4 Nb6 21. Bd3 d5 22. Bb2 d4 23. Rc1 Bb5 24.
Qe2 Qd7 $11 {1/2-1/2 Ciuksyte,D-Jenni,F/Christmas Open, Zurich SUI 2003 (73)})
(18... Rc8 19. Bb2 bxc4 20. dxc6 Bxc6 21. Bxc4 Bb5 22. Bb3 Qb6 23. a4 Bc6 24.
Nc4 Qb8 {0-1 Shabalov,A-Stefansson,H/Liepaya 2004/CBM 103 (34)}) (18... Rb8 19.
dxc6 Bxc6 20. Qb3 Re7 21. Nh4 Nb6 22. Nf5 Rc7 23. Qg3 Kh7 24. Nxd6 Qxd6 25. c5
Qe7 26. cxb6 Rxb6 27. Bb2 {1-0 Kveinys,A-Jakubowski,J/Polanica Zdroj 1991/EXT
97 (34)}) 19. dxc6 Bxc6 20. Qb3 {Creating threats along the a2-g8 diagonal.}
Ra7 $1 {Black not only protects the f7 pawn, but also liberates the a8 square
for the queen.} 21. Bb2 $6 $146 {This move leads to an exchange sacrifice...
But, probably, White doesn't have sufficient compensation. In the preceeding
game White prefered} (21. cxb5 axb5 22. Bb2 Qa8 23. Qd3 Na4 24. Bc1 g6 {
1/2-1/2 Qin Kanying-Jackson,S/Novi Sad 1990/EXT 97 (94)}) (21. Qd3 Qa8 $11) (
21. Qe3 Qb8 $11) 21... Nxc4 $1 22. Nxc4 bxc4 23. Qxc4 {[%tqu "En","Please find
the best move for black.","","","c6e4","",10]} Bxe4 $1 24. Rxe4 {Otherwise,
Black is a pawn up.} d5 25. Qb3 Nxe4 ({Worse is} 25... dxe4 $2 26. Nxe5 $44)
26. Nxe5 $2 {Another unsuccessful decision.} ({Better was to eliminate Black's
central pawns:} 26. Qxd5 Qxd5 27. Bxd5 Nf6 28. Bc6 Re6 29. Nxe5 Rae7 30. f4 g5
$1 31. Bf3 gxf4 32. Nd3 $15) 26... Qb6 $1 $17 {Black is an exchange up, while
white doesn't succeed to create any threats...} 27. Ng4 (27. Rf1 Rd8 $17 (27...
Nd2 28. Qxd5 Nxf1 29. Nxf7 $40) (27... Nf6 $17)) (27. Qxd5 {is refuted by}
Qxf2+ 28. Kh2 Qxb2 29. Nxf7 Nc3 30. Nxh6+ Kh7 $19) 27... Rae7 {[%cal Ge4f2]
threatening with the capture on f2 with following 28...Re2 29.Rf1 Rxf2 30.Rxf2
Re1 -+} 28. Rf1 $2 {loses immediately. Anyway, White's position was already
lost:} (28. Qf3 Nxf2 (28... a5 29. Bxd5 axb4 30. axb4 Ng5 $17) 29. Nxf2 Re1+
30. Rxe1 Rxe1+ 31. Kh2 Rf1 $19) (28. Qd1 Nxf2 29. Nxf2 Re2 30. Qd4 Re1+ 31.
Rxe1 Rxe1+ 32. Kh2 Qc7+ 33. g3 Qc2 34. Bxd5 Re2 35. Bxf7+ Kxf7 36. Qf4+ Kg8 $19
) 28... Nd2 $19 {winning further material.} 29. Qxd5 (29. Qg3 Nxf1 30. Nf6+
Qxf6 $19) 29... Nxf1 30. Ne5 Qf6 $1 31. Nd3 (31. Nxf7 {loses as well:} Qxf7 32.
Qxf7+ Rxf7 $19) 31... Re1 (31... Re1 32. Bxf6 Ne3+ 33. Nxe1 Nxd5 $19) 0-1

[Event "FIDE World Cup"]
[Site "Khanty-Mansiysk"]
[Date "2005.12.08"]
[Round "4.3"]
[White "Bacrot, Etienne"]
[Black "Lautier, Joel"]
[Result "1-0"]
[WhiteElo "2725"]
[BlackElo "2680"]
[Annotator "Ftacnik,L"]
[PlyCount "73"]
[EventDate "2005.11.27"]
[EventType "k.o."]
[EventRounds "7"]
[EventCountry "RUS"]
[SourceTitle "CBM 111"]
[Source "ChessBase"]
[SourceDate "2006.04.04"]
[SourceVersion "1"]
[SourceVersionDate "2006.04.04"]
[SourceQuality "1"]

1. e4 c5 2. Nf3 e6 3. d4 cxd4 4. Nxd4 Nc6 5. Nc3 Qc7 6. Be2 a6 7. O-O Nf6 8.
Be3 Be7 9. f4 d6 10. Kh1 O-O 11. Qe1 Nxd4 12. Bxd4 b5 13. a3 Bb7 14. Qg3 Bc6
15. Rae1 Qb7 16. Bd3 b4 17. Nd1 bxa3 18. bxa3 g6 19. Nf2 Nh5 20. Qe3 f6 21. Bc4
Ng7 22. Rb1 Qc8 23. Bb3 {It is no secret, that two best players in France are
long lasting rivals. The duel in World Cup had a special flavour for them.} (
23. Ba2 Kh8 24. Nd3 (24. Ng4 e5 25. fxe5 dxe5 26. Nxe5 fxe5 27. Bxe5 Bb5 28.
Qd4 Rg8 29. Rf7 Bf8 30. c4 {1-0 Areshchenko,A-Bellaiche,A/Cappelle la Grande
2003/ (39)}) 24... a5 25. c4 e5 26. Ba1 Qg4 27. c5 dxc5 28. fxe5 Bxe4 29. Rf2
Nf5 30. exf6 Bxf6 {0-1 Sareen,V-Sasikiran,K/Calcutta 1999/ (34)}) (23. Qe2 Kh8
24. Rb3 e5 25. Be3 Ne6 26. fxe5 fxe5 27. Rb6 Bb5 28. Bxb5 axb5 29. Qxb5 Rxa3 {
1/2-1/2 Rojas,L-Leitao,R/Santiago 2005/ (86)}) 23... Kh8 24. Nd3 a5 (24... Rb8
25. Rf3 d5 26. f5 g5 (26... dxe4 27. fxg6 Kg8 28. Qh6 hxg6 29. Rh3 exd3 30.
Qxg6 $40) 27. exd5 Bxd5 28. Rff1 Qc6 29. Qe2 Bxb3 30. cxb3 Qd5 31. Bc3 Nxf5 {
0-1 Kengis,E-Lazarev,V/Bad Zwesten 1997/ (52)}) 25. Rf3 Rb8 (25... d5 26. e5
Qc7 (26... Nf5 27. exf6 Nxe3 28. f7+ $18) 27. exf6 Bxf6 28. Bxf6 Rxf6 29. Qd4
$16) 26. Re1 Qd7 $2 {Lautier was trying to get counterplay for the white's
initiative and so far he have done a lot for the success of his plan.
Unfortunatelly this false move will enable Bacrot to feed his initiative with
a full strength.} (26... a4 $1 27. Ba2 f5 28. Nf2 (28. Rh3 Bxe4 29. Nf2 Qxc2 (
29... d5 30. c4 $14) 30. Nxe4 Qxa2 31. Bxg7+ Kxg7 32. Qa7 Rf7 33. Qxb8 fxe4 $15
) 28... Bf6 29. Bxf6 (29. Rh3 fxe4 30. Nxe4 Bxd4 31. Qxd4 e5 32. fxe5 dxe5 33.
Qd3 Qb7 $17) 29... Rxf6 30. Qd4 fxe4 31. Nxe4 Bxe4 32. Qxe4 Rb2 33. Bc4 Rf8 $13
) 27. Rh3 $1 d5 (27... Qb7 28. a4 Rbe8 29. Re2 $16) 28. f5 $1 {[%mdl 128] The
key move of the whole attacking set up, white pieces are suddenly very
dangerous.} exf5 (28... g5 29. exd5 Bxd5 (29... Nxf5 30. dxc6 Qxd4 31. Qxe6 $18
) 30. fxe6 Qc6 31. Bxd5 Qxd5 32. c4 Qxc4 33. Qe4 h5 34. Ne5 fxe5 35. Rxh5+ Nxh5
36. Bxe5+ Bf6 37. Bxf6+ Rxf6 38. Qxc4 $18) (28... dxe4 29. Qh6 Nh5 30. fxg6 Bd6
31. Bxe6 $18) 29. Qh6 Nh5 30. exf5 Kg8 (30... Qxf5 31. Rxe7 Qf1+ 32. Bg1 $18)
31. fxg6 hxg6 (31... Bxa3 32. Qxh5 $18) 32. Qxg6+ Ng7 33. Qh7+ Kf7 34. Rg3 Rg8
{Even at a first glance it becomes obvious, who won the middle game battle.
White has decided to take mercy on his defeated opponent and played the finish
with maximum effect.} (34... Ke8 35. Rxg7 Rb7 36. Nc5 $18) 35. Ne5+ $1 fxe5 36.
Qg6+ Kf8 37. Rf1+ 1-0

[Event "Baku FIDE GP"]
[Site "Baku"]
[Date "2008.04.23"]
[Round "3"]
[White "Cheparinov, Ivan"]
[Black "Bacrot, Etienne"]
[Result "0-1"]
[WhiteElo "2696"]
[BlackElo "2705"]
[Annotator "Krasenkow,M"]
[PlyCount "134"]
[EventDate "2008.04.21"]
[EventType "tourn"]
[EventRounds "13"]
[EventCountry "AZE"]
[EventCategory "19"]
[SourceTitle "CBM 124"]
[Source "ChessBase"]
[SourceDate "2008.05.28"]
[SourceVersion "1"]
[SourceVersionDate "2008.05.28"]
[SourceQuality "1"]

1. d4 Nf6 2. c4 e6 3. Nc3 Bb4 4. Nf3 c5 5. g3 cxd4 6. Nxd4 Ne4 7. Qd3 Qa5 8.
Nb3 Nxc3 9. Bd2 Ne4 10. Qxe4 Bxd2+ 11. Nxd2 O-O 12. Bg2 Nc6 13. Qe3 d5 14. O-O
d4 15. Qd3 Rd8 {[%cal Yc6e5,Yc6b4]} (15... e5 {is another plan.}) 16. a3 Ne5
17. b4 $5 {An interesting idea. Apparently, White destroys his own pawn
structure but the open b-file guarantees him good counterplay. However, it is
hardly enough for an advantage.} (17. Qc2 {is played more frequently:} Qc7 18.
Qe4 (18. Rac1 Bd7 19. Nf3 Nxf3+ 20. Bxf3 Bc6 21. Qd3 a5 22. b3 e5 23. Bxc6 Qxc6
24. e4 Qc5 25. a4 Ra6 $15 {1/2-1/2 Orr,M-Johansen,D/London 1985/EXT 2007 (77)})
18... a5 (18... Rb8 19. Qf4 b6 20. Rfd1 (20. Rac1 Bb7 21. Ne4 Rbc8 22. c5 Bxe4
23. cxb6 Qxb6 24. Bxe4 Nd7 25. b4 Nf6 26. Bf3 Rc3 27. Rxc3 dxc3 28. Qc4 Qd4 29.
Qxd4 Rxd4 30. Rc1 Rc4 31. Kf1 Kf8 $11 {1/2-1/2 Kopylov,M-Berelovich,A/Donetsk
1998/CBM 068 (55)}) 20... Bb7 21. Bxb7 Rxb7 22. Nb3 Qxc4 23. Qxe5 Qxb3 24. Rxd4
Rxd4 25. Qxd4 Qd5 26. Rc1 f6 27. Qxd5 exd5 28. Rc6 Kf8 29. Kg2 $14 {1-0
Plaskett,J-Elyoseph,H/Groningen 1979/EXT 2001 (53)}) 19. Rac1 (19. b3 Ra7 20.
e3 dxe3 21. Qxe3 b6 22. Rfe1 Nd3 23. Red1 Qc5 24. Qxc5 Nxc5 25. Bc6 Kf8 26. Ne4
Rxd1+ 27. Rxd1 Ke7 28. Nxc5 bxc5 29. f4 {1/2-1/2 Giorgadze,T-Ostermeyer,P/
Hannover 1983/MCL}) 19... a4 (19... d3 $5) 20. c5 Ra5 21. b4 axb3 22. Nxb3 Ra4
23. Qf4 h6 24. h4 $14 {1-0 Polugaevsky,L-Ftacnik,L/Moskva 1985/Inf 39 (60)})
17... Nxd3 $146 (17... Qc7 18. Qe4 $1 $14 (18. Qb3 $143 Bd7 $11 19. f4 $6 Ng6
$6 ({Why not} 19... Ng4 {[%csl Re3] ?}) 20. Nf3 Bc6 21. Rfd1 $6 (21. Rad1 $142
e5 $140 22. fxe5 Nxe5 23. Nxe5 Qxe5 24. c5) 21... e5 22. f5 Ne7 23. Qc2 f6 24.
Rac1 Rac8 25. g4 Bd5 $17 {1-0 Gaprindashvili,N-Mokry,K/Polanica Zdroj 1986/EXT
1997 (39)})) 18. bxa5 Nc5 19. Rab1 Rb8 20. Ne4 Na4 $1 21. Rb4 Bd7 22. Rfb1 Bc6
23. Nc5 Nxc5 (23... Nc3 24. R1b2 Bxg2 25. Kxg2 b6 26. axb6 axb6 27. Rxb6 Rxb6
28. Rxb6 Nxe2 29. Nd3 $14) 24. Bxc6 Rdc8 25. Bxb7 Rxb7 26. Rxb7 Nxb7 27. Rxb7 {
[%mdl 4096] This endgame has arisen practically by force. Of course, it is
drawish, despite White's eventual outside passed pawn.} g5 28. Rb4 $6 {White
is looking for trouble.} (28. Rxa7 $142 Rxc4 29. Kg2 Ra4 (29... g4 $143 30. a6
Ra4 31. Rd7 Rxa6 32. Rxd4 Rxa3 33. Rxg4+ $14) 30. Kf3 f5 {White can't win but
losing is even less probable.}) 28... a6 29. Kf1 Rc5 30. Ke1 Rxa5 31. a4 Kg7
32. Kd2 Kf6 33. Kd3 Ke5 34. f4+ gxf4 35. gxf4+ Kxf4 36. Kxd4 e5+ 37. Kd3 Kf5
38. Kc3 Ke4 39. Kb3 Ke3 40. Rb7 e4 41. Rxf7 $6 {Here and on the next move
White should advance his c-pawn as quickly as possible:} (41. Kb4 Rf5 (41...
Rh5 42. c5 Rxh2 43. c6 Rxe2 44. Kb3 Re1 45. Kb2 Re2+ $11) (41... Re5 $6 42. c5
Kxe2 43. c6) 42. c5 Kxe2 43. c6 Rf1 44. Re7 $5 f5 45. Re5 $11) 41... Re5 42.
Rxh7 $2 {This unnecessary capture wastes a crucial tempo.} (42. Rc7 $1 Kxe2 43.
c5 {was probably the only way. Here is a possible line:} e3 44. c6 Re6 $1 (
44... Rc5 45. Kb4 Rc1 46. Ka5 $132) 45. Rc8 $1 Re7 $1 (45... Ke1 46. c7 Re7 47.
Kb4 e2 48. Kc5 Rf7 $2 49. Kc6 {[%cal Rc8e8]}) 46. Rd8 Kf2 (46... Rc7 47. Rd6
Ke1 48. Kc2 e2 49. Re6 Rf7 50. Kd3 $11) 47. Rd7 Re8 (47... Re4 48. c7 e2 49.
c8=Q e1=Q $11) 48. Rf7+ Kg2 (48... Ke1 $6 49. c7 e2 50. Kc2) 49. Rg7+ Kh1 $1
50. c7 e2 51. c8=Q Rxc8 52. Re7 Kxh2 53. Rxe2+ Kg3 54. Re6 $1 $11) ({but not} 
42. Kb4 a5+ $1 43. Kc3 Kxe2 44. Kd4 Re8 45. c5 e3 {[%cal Re2d2]} 46. Kc3 Re6 $1
{[%cal Ye2e1,Ye3e2]} 47. Kc2 Re5 48. Rc7 Ke1 49. c6 e2 $19) 42... Kxe2 43. Kc3
(43. Rc7 e3 44. c5 Kf2 {or}) (43. Kb4 e3 44. c5 Kf2 {is now too late.}) 43...
e3 44. Rf7 Ke1 45. Rf4 e2 46. Kc2 Ra5 (46... Rg5 $5 {[%cal Yg5g2,Yg2f2]}) 47.
h4 Rxa4 48. h5 Ra2+ $1 49. Kc1 Ra3 50. h6 Rc3+ $1 51. Kb2 Rh3 52. Rf6 Kd2 53.
Rd6+ Ke3 54. Re6+ Kd3 {[%cal Rh3h6]} 55. Rd6+ Kxc4 56. Re6 Kd3 57. Rd6+ Ke3 58.
Re6+ Kd3 59. Rd6+ Kc4 60. Re6 Rh2 $1 61. Kc1 Kd3 62. Rd6+ Ke3 63. Re6+ Kf2 64.
Rf6+ Ke1 65. Kc2 a5 {This pawn destroys White's defensive arrangement.} 66. Kb3
Rh4 67. Ka3 Rh1 (67... Rh1 68. Kb2 Kd2 $19) 0-1

[Event "Nalchik FIDE GP"]
[Site "Nalchik"]
[Date "2009.04.27"]
[Round "11"]
[White "Bacrot, Etienne"]
[Black "Karjakin, Sergey"]
[Result "1-0"]
[WhiteElo "2728"]
[BlackElo "2721"]
[Annotator "Ftacnik,L"]
[PlyCount "75"]
[EventDate "2009.04.15"]
[EventType "tourn"]
[EventRounds "13"]
[EventCountry "RUS"]
[EventCategory "19"]
[SourceTitle "CBM 130"]
[Source "ChessBase"]
[SourceDate "2009.05.20"]
[SourceVersion "1"]
[SourceVersionDate "2009.05.20"]
[SourceQuality "1"]

1. e4 c5 2. Nf3 d6 3. d4 cxd4 4. Nxd4 Nf6 5. Nc3 a6 6. Be3 Ng4 7. Bg5 h6 8. Bh4
g5 9. Bg3 Bg7 10. h3 Nf6 11. Qe2 Nc6 12. Nxc6 bxc6 13. e5 {At first glance it
seems, that White is in an aggressive frame of mind. Below the surface it
becomes clear that he is fighting for the better pawn structure.} dxe5 (13...
Nd5 14. Qc4 (14. Nxd5 cxd5 15. O-O-O O-O 16. exd6 exd6 17. Rxd5 $16) 14... O-O
15. Qxc6 Nxc3 16. Qxc3 Bf5 17. Bd3 Rc8 18. Qa3 Bxd3 19. cxd3 dxe5 20. Qxa6 Rc2
21. O-O Rxb2 {1/2-1/2 Sedlak,N (2519)-Ruck,R (2556)/Topola 2004/ (36)}) 14.
Bxe5 O-O 15. h4 (15. g3 Be6 16. Bg2 Qb6 17. O-O-O Rad8 18. f4 $14) 15... g4 {
Black's kingside is exposed enough, it makes sense to keep the access to the
king as closed as possible.} 16. g3 Bf5 $6 {Karjakin will suffer a great deal
in this position and the main reason lies in a misjudgement of the problems.
Black will agonize in a difficult endgame with hardly any counterplay. The
best defence against such a fate seems to be the idea of developing the bishop
to a6 and preventing short castling.} (16... Qb6 17. O-O-O Be6 18. Bg2 Rfd8 19.
Rhe1 (19. f3 Qa5 20. Rxd8+ Rxd8 21. fxg4 Bxg4 22. Qe3 Be6 $15) 19... h5 20. b3
(20. f3 $1 Qa5 21. Rxd8+ Rxd8 22. fxg4 Bxg4 23. Qe3 $14) 20... Rac8 21. Na4
Rxd1+ 22. Rxd1 Qb5 23. Bf1 $2 (23. Qxb5 cxb5 24. Bb7 Rf8 25. Nc5 Bc8 26. Bxa6
$16) 23... Bc4 $1 24. Qxc4 Qxe5 25. c3 Qf5 $11 {0-1 Ponomariov,R (2743)-Polgar,
J (2685)/Benidorm 2002/ (38)}) (16... a5 $5 17. Bg2 Ba6 18. Qe3 Qd7 (18... Rc8
$2 19. Rd1 Nd5 20. Nxd5 cxd5 21. Rxd5 Bxe5 22. Qxh6 $1 Rxc2 (22... Qc7 23. Qxa6
Qxc2 24. O-O Qxb2 25. Qxa5 Bg7 26. Rd2 Qf6 27. Qh5 $16) 23. Rxe5 $1 {1-0
Rowson,J (2541)-De Firmian,N (2553)/Selfoss 2003/}) 19. Qd4 Qxd4 20. Bxd4 Bb7 (
20... e5 21. Be3 Rfd8 22. Rd1 Rxd1+ 23. Kxd1 Nd5 24. Bd2 Bc4 {1/2-1/2 Hoffmann,
M (2455)-Kulaots,K (2593)/Budapest 2004/ (28)}) 21. O-O-O a4 22. Rhe1 e6 23.
Ne4 Nxe4 24. Rxe4 c5 25. Bxg7 Bxe4 26. Bxf8 Bxg2 27. Bxh6 Bd5 28. b3 axb3 29.
axb3 c4 {0-1 Van Beers,E (2431)-Van den Doel,E (2615)/Tilburg 2003/ (50)}) 17.
Bg2 (17. Rd1 $6 Qb6 18. Bg2 (18. b3 Qa5 19. Bg2 Bxc2 20. Rc1 Bd3 21. Qxd3 Qxe5+
$11) 18... Qxb2 19. O-O Qb6 $11) 17... Qd7 (17... Rc8 18. O-O Qb6 19. Rad1 Rfd8
20. b3 $14) (17... Qb6 18. b3 $14) 18. O-O {The critical position arises right
after the end of the opening. Black has many weak pawns (a6, c6, g4) and no
prospect of getting counterplay.} Rfd8 19. Rfe1 (19. Rad1 Qe6 (19... Qb7 20. b3
e6 21. Na4 Nd7 22. Bxg7 Kxg7 23. Rd6 $16) 20. Rfe1 Rxd1 21. Qxd1 Re8 22. Qd2
$16) 19... e6 (19... Qe6 20. Rad1) 20. Na4 (20. Rad1 Qb7 (20... Nd5 21. Bxg7
Kxg7 22. b3 Qc7 23. Nxd5 exd5 24. c4 d4 25. Qe5+ Qxe5 26. Rxe5 Kf6 27. Ra5 $16)
21. b3 Rac8 $14) 20... Qb7 21. c4 (21. b3 Nd7 22. Bxg7 Kxg7 23. Qe3 f6 24. Qc3
Ne5 $14) 21... Nd7 22. Bxg7 Kxg7 23. Rad1 {In few moves the situation has
become quite critical. Bacrot can hope to succeed on both flanks as Black's
kingside structure remains exposed.} Rab8 (23... f6 24. Rxd7+ $1 Qxd7 (24...
Rxd7 25. Nc5 Qc8 26. Nxd7 Qxd7 27. Rd1 Qc7 28. c5 $16) 25. Nb6 Qc7 26. Nxa8
Rxa8 27. Be4 $1 $16) 24. Qe3 (24. Rd6 $5 Qb4 25. Red1 Qxa4 26. Rxd7 Rxd7 27.
Qe5+ Kg6 28. Rxd7 Rf8 29. Be4 $16) 24... Qc7 25. b3 (25. b4 a5 26. Qc3+ f6 27.
bxa5 Ra8 28. Qb4 c5 29. Rxd7+ Rxd7 30. Nxc5 Rb8 31. Qa3 $14) 25... a5 {The
defender did not want to expose his pawn structure even more with a move of
the f-pawn, but it would at least remove some pawns from the light squares.} (
25... f6 $5 26. Nc5 Nxc5 27. Qxc5 e5 28. Qxc6 Qxc6 29. Bxc6 Kf7 30. f3 gxf3 31.
Kf2 $16) (25... c5 26. Rd2 Nf6 27. Rxd8 Rxd8 28. Nxc5 $16) 26. Nc5 $1 Nxc5 27.
Qxc5 Rxd1 {Karjakin has realized, that his opponent wanted to eliminate the
last defender of the kingside. His hope is to generate counterplay in a queen
and bishop endgame.} (27... h5 28. Qxc6 Qxc6 29. Bxc6 Kf6 30. f4 gxf3 31. Bxf3
a4 $16) (27... Rbc8 28. Be4 $1 Rxd1 29. Rxd1 Bxe4 30. Qd4+ Kg8 31. Qxe4 h5 32.
c5 $16) 28. Rxd1 Rd8 29. Rxd8 (29. Rd4 Rxd4 30. Qxd4+ Kh7 31. Qc5 Qd8 32. Qxc6
Qd1+ 33. Kh2 Qd2 34. Qc7 Kg6 35. h5+ Kf6 36. Qa7 $16) 29... Qxd8 30. Bxc6 (30.
Qxc6 Qd4 31. Qb5 Qa1+ 32. Kh2 Qxa2 33. Qe5+ Kg6 34. Qe3 a4 35. bxa4 Qxa4 36. c5
$16) 30... Qd2 31. Qe5+ Kg8 (31... f6 32. Qc7+ Kf8 33. Qc8+ Kg7 34. Qb7+ Kf8
35. h5 $16) 32. c5 Qxa2 33. Bg2 $6 {[%mdl 4096] Bacrot is setting his hopes on
the potential of the passed c-pawn. The better move 33.Qe3 postponed the
demise of the b3-pawn and attacked the h6-pawn.} (33. Qe3 $1 Bc2 34. Qxh6 Qa1+
(34... Qxb3 35. Qg5+ Kf8 36. Qd8+ Kg7 37. Qxa5 $18) 35. Kh2 Qe5 (35... Bxb3 36.
Qg5+ Kf8 37. Bg2 $18) 36. Qe3 Qxe3 37. fxe3 Bxb3 38. Bb5 Kf8 39. c6 Bd5 40. Kg1
Ke7 41. c7 Bb7 42. Bc6 Ba6 43. Kf2 Kd6 44. e4 $18) 33... Qb1+ (33... Qxb3 34.
c6 Qd1+ 35. Kh2 Qc2 36. Qxa5 Qxf2 37. c7 e5 38. Qa8+ Kg7 39. c8=Q Bxc8 40. Qxc8
Qd4 $16) 34. Kh2 Qxb3 35. c6 a4 36. Qc5 a3 $2 {Sergey did not have his best
day suffering all the way to the end. Much tougher resistance would be offered
by the move controlling the promotion square, c8.} (36... e5 $1 37. c7 (37.
Qxe5 $2 Be6 $11) (37. Bd5 Qd3 38. c7 Qd4 $11) 37... Bc8 38. Qxe5 Qe6 39. Qc5
Qd7 40. Qb6 a3 41. Bb7 Qe6 42. Qa7 Kh7 43. Qa8 Bxb7 44. Qxb7 a2 45. c8=Q Qxc8
46. Qxc8 a1=Q 47. Qf5+ Kh8 48. Qxg4 $16) 37. c7 e5 38. Bd5 $1 {The real
problem will arise with the defence of the vulnerable black king.} (38. Bd5 $1
Qa4 (38... Qb2 39. c8=Q+ Bxc8 40. Qxc8+ Kg7 41. Qf5 $18) 39. Qe7 Qd7 40. c8=Q+
Qxc8 41. Bxf7+ Kh8 42. h5 $18) 1-0